Reálne podnikateľské plány - reálne peniaze

Riaditeľ Poradenského, informačného a vzdelávacieho centra - záujmového združenia Prevádzkovo-ekonomickej fakulty VŠP Nitra doc. Ing. Vladimír Gozora, CSc. o možnostiach pôdohospodárov čerpať výhodné úvery za výhodné úrokové sadzby. Štruktúra podporných finančných programov rozvoja poľnohospodárskej...

Ausführliche Beschreibung

Gespeichert in:
Bibliographische Detailangaben
1. Verfasser: Gozora, Vladimír
Weitere Verfasser: Pichlerová, Eva
Format: Buchkapitel
Sprache:Slowakisch
Schlagworte:
Tags: Tag hinzufügen
Keine Tags, Fügen Sie das erste Tag hinzu!

MARC

LEADER 00000naa a2200000 4500
001 r022863
005 20230801104346.5
041 0 |a slo 
044 |a SK 
245 1 0 |a Reálne podnikateľské plány - reálne peniaze  |c V. Gozora, Eva Pichlerová 
520 |a Riaditeľ Poradenského, informačného a vzdelávacieho centra - záujmového združenia Prevádzkovo-ekonomickej fakulty VŠP Nitra doc. Ing. Vladimír Gozora, CSc. o možnostiach pôdohospodárov čerpať výhodné úvery za výhodné úrokové sadzby. Štruktúra podporných finančných programov rozvoja poľnohospodárskej a potravinárskej výroby. 
610 2 0 |a Slovensko 
610 2 0 |a 1989-1996 
610 2 0 |a pôdohospodárstvo 
610 2 0 |a podpora podnikania 
610 2 0 |a plán podnikateľský 
610 2 0 |a úver 
610 2 0 |a pomoc finančná 
610 2 0 |a výroba poľnohospodárska 
610 2 0 |a potravinárstvo 
610 2 0 |a sadzby úrokové 
100 1 |a Gozora, Vladimír 
700 1 |a Pichlerová, Eva